Parises of the East - Statistics

General Stats
  • This quiz has been taken 21 times
  • The average score is 14 of 18
Answer Stats
Hint Answer % Correct
Hungary Budapest
100%
Poland Warsaw
100%
Lebanon Beirut
95%
Romania Bucharest
95%
Afghanistan Kabul
95%
Czech Republic Prague
95%
Latvia Riga
95%
Vietnam Ho Chi Minh City
89%
Turkey Istanbul
89%
Philippines Manila
89%
Russia St Petersburg
89%
Vietnam Hanoi
84%
Pakistan Lahore
84%
China Shanghai
84%
Iran Isfahan
42%
Germany Leipzig
32%
India Jaipur
16%
Russia Irkutsk
11%
No matching quizzes found
Score Distribution
Percent of People with Each Score
Percentile by Number Answered
Your Score History
You have not taken this quiz